000 00699nam a2200229Ia 4500
003 IIN
005 20250502125601.0
008 240618b |||||||| |||| 00| 0 eng d
020 _c795.00
_a9788131267233
040 _aIIN
_bEng
082 _a610.73071
_bSHA
100 1 _aSharma, Suresh K.
245 1 _aNursing Education & Educational Technology
_bwith complimentary Handbook of Forensic Nursing/
_cSuresh K. Sharma and Reena Sharma
250 _a3rd ed
260 _bElseiver
_aNew Delhi
_c2024
300 _axviii,547p.
_bill.
500 _aIncludes Index
650 1 _aEducation
_vTechnology
650 1 _aCommunication & Educational
_vTechnology
700 1 _aSharma, Reena
942 _cBOOK
999 _c1670
_d1670